| 000 | 00870nas a2200289 4500 | ||
|---|---|---|---|
| 001 | BR0000520 | ||
| 003 | BR-BrBNA | ||
| 005 | 20231205101646.0 | ||
| 007 | ta | ||
| 008 | 230509b bl.|||p| |||| 00| 00por d | ||
| 040 |
_aBR-BrBNA _bpor _cBiblioteca Nacional de Agricultura |
||
| 041 | _a(Pt) | ||
| 072 | _aF62 | ||
| 100 | 1 | _aMotta, C.A.P. | |
| 100 | 1 | _aSilva, W.R. da | |
| 245 | 1 | _aDesempenho fisiologico e sanidade de sementes de trigo submetidas a tratamentos de hidratacao/desidratacao | |
| 650 | _aTrigo | ||
| 650 | _aTratamento de Semente | ||
| 650 | _aHidratacao | ||
| 650 | _aDesidratacao | ||
| 650 | _aGerminacao | ||
| 650 | _aAbsorcao de Agua | ||
| 650 | _aMaturacao | ||
| 773 | 0 |
_tScientia Agricola (Brazil) _xISSN 0103-9016 _g(Jul-Sep 1999), v. 56(3) p. 571-580 _wBR0000520 |
|
| 909 |
_a202311 _bLúcia _c55 _dLúcia Elande |
||
| 942 |
_2AGRIS _n0 _cANA |
||
| 999 |
_c163080 _d163080 |
||